President's rule in India, 1967-89 (Record no. 347571)

000 -LEADER
fixed length control field 00477cam a22001457a 4500
008 - FIXED-LENGTH DATA ELEMENTS--GENERAL INFORMATION
fixed length control field 180718b1990 xxu||||| |||| 00| 0 eng d
082 ## - DEWEY DECIMAL CLASSIFICATION NUMBER
Classification number B6x54 K156
100 ## - MAIN ENTRY--PERSONAL NAME
Personal name Kathuria, Harbir Singh
245 ## - TITLE STATEMENT
Title President's rule in India, 1967-89
Statement of responsibility, etc. by Harbir Singh Kathuria
260 ## - PUBLICATION, DISTRIBUTION, ETC.
Place of publication, distribution, etc. Delhi
Name of publisher, distributor, etc. Uppal
Date of publication, distribution, etc. 1990
300 ## - PHYSICAL DESCRIPTION
Extent 390p.
650 ## - SUBJECT ADDED ENTRY--TOPICAL TERM
Topical term or geographic name entry element India --Politics and government --1947.
650 ## - SUBJECT ADDED ENTRY--TOPICAL TERM
Topical term or geographic name entry element War and emergency powers --India --History
650 ## - SUBJECT ADDED ENTRY--TOPICAL TERM
Topical term or geographic name entry element Federal government --India --History
Holdings
Withdrawn status Lost status Damaged status Not for loan Permanent Location Current Location Date acquired Full call number Barcode Date last seen Price effective from Koha item type
        Indian Institute of Public Administration Indian Institute of Public Administration 1993-10-19 B6x54 K156 65228 2018-07-21 2018-07-21 Book

Powered by Koha